00425nam a2200169Ia 450000500170000000800410001702000130005804000190007104100120009008200160010210000230011824500340014126000380017530000110021365000210022485000100024520240902113428.0131103s9999 xx 000 0 und d cRs.41.00 aLoreto College aEnglish a891.43bYAD aYadav, Ram Narayan aHindi sudhab For class VIII  aNorth 24 ParganusbR.K. Prakashan a104p.  aHindi Literature aLCBED